Los centros docentes del Escorial (Record no. 182318)

MARC details
000 -LEADER
campo de control de longitud fija 00829nam a2200169 i 4500
001 - NÚMERO DE CONTROL
campo de control 182318
003 - IDENTIFICADOR DE NÚMERO DE CONTROL
campo de control ES-MaACL
005 - FECHA Y HORA DE LA ÚLTIMA TRANSACCIÓN
campo de control 20230906221600.0
008 - DATOS DE LONGITUD FIJA--INFORMACIÓN GENERAL
campo de control de longitud fija 130801s1978 sp |||| | spa d
100 1# - ENTRADA PRINCIPAL--NOMBRE DE PERSONA
Nombre de persona Cánovas del Castillo, Juan Antonio.
9 (RLIN) 34606
245 14 - MENCIÓN DEL TÍTULO
Título Los centros docentes del Escorial
Resto del título : la restauración y los agustinos /
Mención de responsabilidad, etc. Juan Antonio Cánovas del Castillo.
260 ## - PUBLICACIÓN, DISTRIBUCIÓN, ETC.
Lugar de publicación, distribución, etc. San Lorenzo del Escorial (Madrid) :
Nombre del editor, distribuidor, etc. Biblioteca "La ciudad de Dios",
Fecha de publicación, distribución, etc. 1978.
300 ## - DESCRIPCIÓN FÍSICA
Extensión P.193-210 ;
Dimensiones 21 cm.
595 ## -
-- Separata de la publicación: La restauración monárquica de 1875 y la España de la Restauración .- San Lorenzo del Escorial (Madrid) : Biblioteca "La ciudad de Dios", 1978.
610 24 - PUNTO DE ACCESO ADICIONAL DE MATERIA--NOMBRE DE ENTIDAD CORPORATIVA
Nombre de entidad corporativa o nombre de jurisdicción como elemento de entrada Agustinos-
Subdivisión geográfica San Lorenzo de El Escorial.
9 (RLIN) 153145
852 ## - LOCALIZACIÓN
Ubicación ES-MaACL
Número de control de estantería 2317-F-20
Nota libre .- Dedicatoria manuscrita del autor
Holdings
Estatus retirado Estado de pérdida Estado de daño No para préstamo Colección Biblioteca de origen Biblioteca actual Ubicación en estantería Fecha de adquisición Fuente de adquisición Total de préstamos Signatura topográfica completa Código de barras Visto por última vez Precio de reemplazo Tipo de ítem Koha
        Colección de folletos Biblioteca del Ateneo de Madrid Biblioteca del Ateneo de Madrid Depósito folletos 01/08/2013     2317-F-20 1191596 23/02/2023 23/02/2023 Folleto